[Event "Mittelrhein Verbandsliga-M 16/17"]
[Site "Nordrheinwestfalen"]
[Date "2016.12.18"]
[Round "5.5"]
[White "Pickstone, Simon"]
[Black "Freckmann, Sascha"]
[Result "1/2-1/2"]
[WhiteElo "1792"]
[BlackElo "1825"]
[PlyCount "64"]
[EventDate "2016.09.11"]
[EventType "team-tourn"]
[EventRounds "11"]
[EventCountry "GER"]
[SourceTitle "EXT 2022"]
[Source "ChessBase"]
[SourceDate "2021.10.06"]
[SourceVersion "1"]
[SourceVersionDate "2021.10.06"]
[SourceQuality "1"]
[WhiteTeam "Hitdorf SV Springer"]
[BlackTeam "Gruenfeld"]
[WhiteTeamCountry "GER"]
[BlackTeamCountry "GER"]

1. e4 c6 2. d4 d5 3. e5 c5 4. c3 Nc6 5. Nf3 Bg4 6. Be2 e6 7. 0-0 Qb6 8. Nbd2 cxd4 9. cxd4 Nge7 10. Nb3 Nf5 11. Be3 Bb4 12. Ng5 Bxe2 13. Qxe2 h6 14. Nf3 0-0 15. Qd3 Rac8 16. Bd2 Bxd2 17. Qxd2 Qb4 18. Qxb4 Nxb4 19. a3 Nd3 20. Rab1 Rc2 21. Ne1 Nxe1 22. Rfxe1 Rfc8 23. Kf1 b6 24. Re2 a5 25. Ke1 a4 26. Rxc2 Rxc2 27. Na1 Rc4 28. b3 Rxd4 29. bxa4 Rxa4 30. Nc2 Rc4 31. Kd2 b5 32. h3 Nd4 1/2-1/2